Central Library OPAC University of Rajshahi

Propaganda and persuasion / (Record no. 33608)

MARC details
000 -LEADER
fixed length control field 01257nam a2200337 a 4500
001 - CONTROL NUMBER
control field 33608
003 - CONTROL NUMBER IDENTIFIER
rucl marc code BD-RjUL
005 - DATE AND TIME OF LATEST TRANSACTION
control field 20211209052032.0
008 - FIXED-LENGTH DATA ELEMENTS--GENERAL INFORMATION
fixed length control field 140510s1986 cauaf b 001 0 eng
020 ## - INTERNATIONAL STANDARD BOOK NUMBER
International Standard Book Number 0803923988
International Standard Book Number 0803923996 (pbk.)
035 ## - SYSTEM CONTROL NUMBER
System control number (BD-RjUL)33699
040 ## - CATALOGING SOURCE
Original cataloging agency DLC
Transcribing agency DLC
Modifying agency DLC
-- BD-RjUL
Language of cataloging eng
041 ## - LANGUAGE CODE
Language code of text/sound track or separate title eng
082 00 - DEWEY DECIMAL CLASSIFICATION NUMBER
Classification number 303.375
Edition number 19
Author mark and year JOP 1986
100 1# - MAIN ENTRY--PERSONAL NAME
Personal name Jowett, Garth.
9 (RLIN) 102012
245 10 - TITLE STATEMENT
Title Propaganda and persuasion /
Statement of responsibility, etc. by Garth S. Jowett and Victoria O'Donnell.
260 ## - PUBLICATION, DISTRIBUTION, ETC. (IMPRINT)
Place of publication, distribution, etc. Newbury Park, Calif. :
Name of publisher, distributor, etc. Sage,
Date of publication, distribution, etc. c1986.
300 ## - PHYSICAL DESCRIPTION
Pagination 236 p., [8] p. of plates :
Illustrations ill. ;
Size 23 cm.
504 ## - BIBLIOGRAPHY, ETC. NOTE
Bibliography, etc Bibliography: p. 219-225 & Includes index..
650 #0 - SUBJECT ADDED ENTRY--TOPICAL TERM
Topical term or geographic name as entry element Propaganda.
9 (RLIN) 102014
Topical term or geographic name as entry element Persuasion (Psychology)
9 (RLIN) 7285
700 1# - ADDED ENTRY--PERSONAL NAME
Personal name O'Donnell, Victoria.
856 42 - ELECTRONIC LOCATION AND ACCESS
Materials specified Publisher description
Uniform Resource Identifier <a href="http://www.loc.gov/catdir/enhancements/fy0654/85030441-d.html">http://www.loc.gov/catdir/enhancements/fy0654/85030441-d.html</a>
Materials specified Table of contents only
Uniform Resource Identifier <a href="http://www.loc.gov/catdir/enhancements/fy0654/85030441-t.html">http://www.loc.gov/catdir/enhancements/fy0654/85030441-t.html</a>
Materials specified Contributor biographical information
Uniform Resource Identifier <a href="http://www.loc.gov/catdir/enhancements/fy0734/85030441-b.html">http://www.loc.gov/catdir/enhancements/fy0734/85030441-b.html</a>
942 ## - ADDED ENTRY ELEMENTS (KOHA)
Source of classification or shelving scheme Dewey Decimal Classification
Koha item type Books
Holdings
Lost status Source of classification or shelving scheme Damaged status Not for loan Collection code Permanent Location Current Location Shelving location Date acquired Source of acquisition Cost, normal purchase price Total Checkouts Full call number Date last seen Copy number Koha item type
  Dewey Decimal Classification   Not For Loan Non-fiction Central Library, University of Rajshahi Central Library, University of Rajshahi Reading Room 23/09/1989 karim interprise dhaka 28.00   303.375 JOP 1986 10/05/2014 C-1 Books